10 Largest cities in USA - Statistics

General Stats
  • This quiz has been taken 107 times
  • The average score is 8 of 10
Answer Stats
Population Answer % Correct
3.820.914 Los Angeles
99%
8.258.035 New York
99%
2.664.452 Chicago
94%
1.302.868 Dallas
85%
2.314.157 Houston
85%
1.550.295 Philadelphia
79%
1.388.320 San Diego
73%
1.650.070 Phoenix
70%
985.843 Jacksonville
55%
1.495.295 San Antonio
54%
No matching quizzes found
Score Distribution
Percent of People with Each Score
Percentile by Number Answered
Your Score History
You have not taken this quiz